Meilleurs Buteurs de Premier League depuis 2020 - Football - Statistiques

Statistiques générales
  • Ce quiz a été pris 228 fois
  • Le résultat moyen est 11 sur 20
Statistiques - réponses
Buts Nationalité Joueur % Correct
85 Norvège Erling Haaland
100%
111 Égypte Mohamed Salah
100%
74 Corée du Sud Heung-min Son
98%
70 Angleterre Harry Kane
97%
54 Suède Alexander Isak
74%
55 Angleterre Phil Foden
69%
54 Nouvelle-Zélande Chris Wood
61%
54 Portugal Bruno Fernandes
59%
42 Cameroun Bryan Mbeumo
56%
42 Angleterre Jamie Vardy
55%
45 Angleterre Marcus Rashford
53%
75 Angleterre Ollie Watkins
51%
52 Angleterre Bukayo Saka
50%
47 Portugal Diogo Jota
49%
41 Allemagne Kai Havertz
48%
45 RDC Yoane Wissa
45%
47 Angleterre Callum Wilson
19%
55 Angleterre Jarrod Bowen
15%
43 Angleterre James Maddison
11%
42 Angleterre Harvey Barnes
7%
Aucun quiz correspondant
Distribution des résultats
% des personnes avec chaque résultat
Percentile par nombre de réponses
Votre historique - résultats
Vous n’avez pas pris ce quiz